Real Estate Economics (Record no. 118703)
[ view plain ]
| 000 -LEADER | |
|---|---|
| fixed length control field | 00794cas a22002175a 4500 |
| 001 - CONTROL NUMBER | |
| control field | L99539 |
| 008 - FIXED-LENGTH DATA ELEMENTS--GENERAL INFORMATION | |
| fixed length control field | 070628c1995 xxkqr p 0 a0eng |
| 022 0# - INTERNATIONAL STANDARD SERIAL NUMBER | |
| International Standard Serial Number | 1080-8620 |
| 035 ## - SYSTEM CONTROL NUMBER | |
| System control number | (Sirsi) u99539 |
| 041 0# - LANGUAGE CODE | |
| Language code of text/sound track or separate title | eng |
| 110 2# - MAIN ENTRY--CORPORATE NAME | |
| Corporate name or jurisdiction name as entry element | American Real Estate and Urban Economics Association |
| 9 (RLIN) | 3921 |
| 245 00 - TITLE STATEMENT | |
| Title | Real Estate Economics |
| Remainder of title | Journal of the American Real Estate and Urban Economics Association |
| 260 3# - PUBLICATION, DISTRIBUTION, ETC. | |
| Place of publication, distribution, etc. | Oxford |
| Name of publisher, distributor, etc. | Blackwell |
| Date of publication, distribution, etc. | 1995- |
| 362 ## - DATES OF PUBLICATION AND/OR SEQUENTIAL DESIGNATION | |
| Dates of publication and/or sequential designation | 26(2) Summer 1998- |
| 651 #4 - SUBJECT ADDED ENTRY--GEOGRAPHIC NAME | |
| Geographic name | United States |
| Chronological subdivision | 1959- |
| 690 ## - LOCAL SUBJECT ADDED ENTRY--TOPICAL TERM (OCLC, RLIN) | |
| Topical term or geographic name as entry element | PROPERTY-PROPERTY MARKET |
| 780 00 - PRECEDING ENTRY | |
| Title | Journal of the American Real Estate and Urban Economics Association |
| 856 41 - ELECTRONIC LOCATION AND ACCESS | |
| Uniform Resource Identifier | <a href="https://www.rics.org/profession-standards/knowledge-and-information-services">https://www.rics.org/profession-standards/knowledge-and-information-services</a> |
| Public note | How to access eJournals |
| 942 ## - ADDED ENTRY ELEMENTS (KOHA) | |
| Suppress in OPAC | 0 |
| Source of classification or shelving scheme | Dewey Decimal Classification |
| 948 ## - LOCAL PROCESSING INFORMATION (OCLC); SERIES PART DESIGNATOR (RLIN) | |
| c (OCLC) | 28/08/1998 |
| Withdrawn status | Lost status | Source of classification or shelving scheme | Damaged status | Not for loan | Home library | Current library | Shelving location | Date acquired | Total Checkouts | Full call number | Barcode | Date last seen | Price effective from | Koha item type |
|---|---|---|---|---|---|---|---|---|---|---|---|---|---|---|
| Other/Generic Classification Scheme | London | London | Gallery | 28/04/2005 | REAL ESTATE ECONOMICS | 99539-1001 | 06/08/2019 | 06/08/2019 | Journal | |||||
| Dewey Decimal Classification | Virtual | Virtual | Online | 05/07/2007 | ONLINE JOURNAL via EBSCO | 99539-2001 | 21/06/2023 | 06/08/2019 | Journal |